Human Language Technology. Challenges for Computer Science and Linguistics 4th Language and Technology Conference, LTC 2009, Poznan, Poland, November 6-8, 2009, Revised Selected Papers /

This book constitutes the refereed proceedings of the 4th Language and Technology Conference: Challenges for Computer Science and Linguistics, LTC 2009, held in Poznan, Poland, in November 2009. The 52 revised and in many cases substantially extended papers presented in this volume were carefully re...

Full description

Bibliographic Details
Corporate Author: SpringerLink (Online service)
Other Authors: Vetulani, Zygmunt (Editor)
Format: Electronic eBook
Language:English
Published: Berlin, Heidelberg : Springer Berlin Heidelberg, 2011.
Series:Lecture Notes in Computer Science, 6562
Subjects:
Online Access:Full Text via HEAL-Link
LEADER 02708nam a22005535i 4500
001 978-3-642-20095-3
003 DE-He213
005 20151123193741.0
007 cr nn 008mamaa
008 110322s2011 gw | s |||| 0|eng d
020 |a 9783642200953  |9 978-3-642-20095-3 
024 7 |a 10.1007/978-3-642-20095-3  |2 doi 
040 |d GrThAP 
050 4 |a P98-98.5 
072 7 |a UYQL  |2 bicssc 
072 7 |a COM042000  |2 bisacsh 
082 0 4 |a 006.35  |2 23 
245 1 0 |a Human Language Technology. Challenges for Computer Science and Linguistics  |h [electronic resource] :  |b 4th Language and Technology Conference, LTC 2009, Poznan, Poland, November 6-8, 2009, Revised Selected Papers /  |c edited by Zygmunt Vetulani. 
264 1 |a Berlin, Heidelberg :  |b Springer Berlin Heidelberg,  |c 2011. 
300 |a XIX, 578 p.  |b online resource. 
336 |a text  |b txt  |2 rdacontent 
337 |a computer  |b c  |2 rdamedia 
338 |a online resource  |b cr  |2 rdacarrier 
347 |a text file  |b PDF  |2 rda 
490 1 |a Lecture Notes in Computer Science,  |x 0302-9743 ;  |v 6562 
520 |a This book constitutes the refereed proceedings of the 4th Language and Technology Conference: Challenges for Computer Science and Linguistics, LTC 2009, held in Poznan, Poland, in November 2009. The 52 revised and in many cases substantially extended papers presented in this volume were carefully reviewed and selected from 103 submissions. The contributions are organized in topical sections on speech processing, computational morphology/lexicography, parsing, computational semantics, dialogue modeling and processing, digital language resources, WordNet, document processing, information processing, and machine translation. 
650 0 |a Computer science. 
650 0 |a Artificial intelligence. 
650 0 |a Text processing (Computer science). 
650 0 |a Computational linguistics. 
650 0 |a Pattern recognition. 
650 0 |a Biometrics (Biology). 
650 0 |a Application software. 
650 1 4 |a Computer Science. 
650 2 4 |a Language Translation and Linguistics. 
650 2 4 |a Document Preparation and Text Processing. 
650 2 4 |a Computer Appl. in Arts and Humanities. 
650 2 4 |a Biometrics. 
650 2 4 |a Pattern Recognition. 
650 2 4 |a Artificial Intelligence (incl. Robotics). 
700 1 |a Vetulani, Zygmunt.  |e editor. 
710 2 |a SpringerLink (Online service) 
773 0 |t Springer eBooks 
776 0 8 |i Printed edition:  |z 9783642200946 
830 0 |a Lecture Notes in Computer Science,  |x 0302-9743 ;  |v 6562 
856 4 0 |u http://dx.doi.org/10.1007/978-3-642-20095-3  |z Full Text via HEAL-Link 
912 |a ZDB-2-SCS 
912 |a ZDB-2-LNC 
950 |a Computer Science (Springer-11645)